|
|
|
|
| LEADER |
02638nam a2200529 4500 |
| 001 |
ocn648270178 |
| 003 |
OCoLC |
| 005 |
20180501121931.0 |
| 006 |
m o d |
| 007 |
cr cn||||||||| |
| 008 |
031104s2003 cauaf obf 001 0 eng d |
| 040 |
|
|
|a E7B
|b eng
|e pn
|c E7B
|d OCLCQ
|d COF
|d OPELS
|d OCLCQ
|d OPELS
|d OCLCF
|d KUK
|d IDEBK
|d KIJ
|d MERUC
|d EBLCP
|d YDXCP
|d OCL
|d OCLCQ
|d TFH
|d GrThAP
|
| 019 |
|
|
|a 437182215
|a 476068103
|a 823827233
|a 823896737
|a 824088781
|a 824135166
|a 910983340
|
| 020 |
|
|
|a 0121822702
|q (electronic bk.)
|
| 020 |
|
|
|a 9780121822705
|q (electronic bk.)
|
| 020 |
|
|
|a 1281011371
|
| 020 |
|
|
|a 9781281011374
|
| 020 |
|
|
|a 9780080497082
|q (electronic bk.)
|
| 020 |
|
|
|a 008049708X
|q (electronic bk.)
|
| 035 |
|
|
|a (OCoLC)648270178
|z (OCoLC)437182215
|z (OCoLC)476068103
|z (OCoLC)823827233
|z (OCoLC)823896737
|z (OCoLC)824088781
|z (OCoLC)824135166
|z (OCoLC)910983340
|
| 050 |
|
4 |
|a QP601
|b .M49367 2003eb
|
| 072 |
|
7 |
|a PSBZ
|2 bicssc
|
| 072 |
|
7 |
|a SCI
|x 007000
|2 bisacsh
|
| 082 |
0 |
4 |
|a 571.655
|
| 049 |
|
|
|a TEFA
|
| 245 |
0 |
0 |
|a Liposomes.
|n Part A /
|c edited by Nejat Düzgünes.
|
| 260 |
|
|
|a San Diego ;
|a London :
|b Elsevier Academic Press,
|c ©2003.
|
| 300 |
|
|
|a 1 online resource (xxxii, 311 pages) :
|b illustrations (some color).
|
| 336 |
|
|
|a text
|b txt
|2 rdacontent
|
| 337 |
|
|
|a computer
|b c
|2 rdamedia
|
| 338 |
|
|
|a online resource
|b cr
|2 rdacarrier
|
| 490 |
1 |
|
|a Methods in enzymology,
|x 0076-6879 ;
|v v. 367
|
| 504 |
|
|
|a Includes bibliographical references and indexes.
|
| 588 |
0 |
|
|a Print version record.
|
| 520 |
|
|
|a Liposomes are cellular structures made up of lipid molecules. Important as a cellular model in the study of basic biology, liposomes are also used in clinical applications such as drug delivery and virus studies. *Methods in Liposome Preparation *Physiochemical Characterization of Liposomes.
|
| 505 |
0 |
|
|a Front Cover; Liposomes; Copyright Page; Table of Contents; Contributor to Volume 367; Preface; Volumes in Series; Section I: Methods of Liposome Preparation; Section II: Physicochemical Characterization of Lipsomes; Author Index; Subject Index.
|
| 650 |
|
0 |
|a Liposomes
|v Handbooks, manuals, etc.
|
| 650 |
|
0 |
|a Liposomes.
|
| 650 |
|
7 |
|a SCIENCE
|x Life Sciences
|x Biochemistry.
|2 bisacsh
|
| 650 |
|
7 |
|a Liposomes.
|2 fast
|0 (OCoLC)fst00999411
|
| 655 |
|
4 |
|a Electronic books.
|
| 655 |
|
7 |
|a Handbooks and manuals.
|2 fast
|0 (OCoLC)fst01423877
|
| 655 |
|
7 |
|a Electronic books.
|2 lcgft
|
| 700 |
1 |
|
|a Düzgüneş, Nejat.
|
| 776 |
1 |
|
|z 9780121822705
|
| 830 |
|
0 |
|a Methods in enzymology ;
|v v. 367.
|x 0076-6879
|
| 856 |
4 |
0 |
|u https://www.sciencedirect.com/science/bookseries/00766879/367
|z Full Text via HEAL-Link
|